ARRUPE JESUIT UNIVERSITY

CORONAVIRUS -STOP THE SPREAD - CLEAN,DISINFECT,COVER

The Cambridge companion to medieval English mysticism / (Record no. 125221)

MARC details
000 -LEADER
fixed length control field 01884cam a2200373 a 4500
001 - CONTROL NUMBER
control field 16905081
003 - CONTROL NUMBER IDENTIFIER
control field ARRUPE
005 - DATE AND TIME OF LATEST TRANSACTION
control field 20160923105019.0
008 - FIXED-LENGTH DATA ELEMENTS--GENERAL INFORMATION
fixed length control field 110805s2011 enk b 001 0 eng d
010 ## - LIBRARY OF CONGRESS CONTROL NUMBER
LC control number 2011283707
020 ## - INTERNATIONAL STANDARD BOOK NUMBER
International Standard Book Number 9780521618649
020 ## - INTERNATIONAL STANDARD BOOK NUMBER
International Standard Book Number 0521618649
020 ## - INTERNATIONAL STANDARD BOOK NUMBER
International Standard Book Number 9780521853439
020 ## - INTERNATIONAL STANDARD BOOK NUMBER
International Standard Book Number 0521853435
035 ## - SYSTEM CONTROL NUMBER
System control number (OCoLC)ocn706853412
040 ## - CATALOGING SOURCE
Original cataloging agency DE-604
Language of cataloging eng
Transcribing agency DEBBG
Description conventions rakwb
Modifying agency DEBSZ
-- NLE
-- UAT
-- OCLCQ
-- BTCTA
-- ERASA
-- YDXCP
-- CDX
-- HLS
-- UPP
-- BWX
-- EYM
-- LNT
-- DLC
042 ## - AUTHENTICATION CODE
Authentication code lccopycat
043 ## - GEOGRAPHIC AREA CODE
Geographic area code e-uk---
050 00 - LIBRARY OF CONGRESS CALL NUMBER
Classification number BV5077.G7
Item number C36 2011
082 04 - DEWEY DECIMAL CLASSIFICATION NUMBER
Classification number 248.2209410902
Edition number 22
084 ## - OTHER CLASSIFICATION NUMBER
Classification number HH 4054
Source of number rvk
300 ## - PHYSICAL DESCRIPTION
Dimensions 23 cm.
245 04 - TITLE STATEMENT
Title The Cambridge companion to medieval English mysticism /
Statement of responsibility, etc edited by Samuel Fanous and Vincent Gillespie.
260 ## - PUBLICATION, DISTRIBUTION, ETC. (IMPRINT)
Place of publication, distribution, etc Cambridge ;
-- New York :
Name of publisher, distributor, etc Cambridge University Press,
Date of publication, distribution, etc 2011.
300 ## - PHYSICAL DESCRIPTION
Extent xxviii, 309 p. ;
490 0# - SERIES STATEMENT
Series statement Cambridge companions
504 ## - BIBLIOGRAPHY, ETC. NOTE
Bibliography, etc Includes bibliographical references (p. 265-289) and index.
505 0# - FORMATTED CONTENTS NOTE
Formatted contents note Introduction / Nicholas Watson -- c. 1080-1215 : culture and history / Brian Patrick McGuire -- c. 1080-1215 : texts / Henrietta Leyser -- 1215-1349 : culture and history / Alastair Minnis -- 1215-1349 : texts / Denis Renevey -- 1349-1412 : culture and history / Jeremy Catto -- 1349-1412 : texts / Roger Ellis and Samuel Fanous -- 1412-1534 : culture and history / Vincent Gillespie -- 1412-1534 : texts / Barry Windeatt -- 1534-1550s : culture and history / James P. Carley and Ann M. Hutchison -- 1534-1550s : texts / James Simpson.
650 #0 - SUBJECT ADDED ENTRY--TOPICAL TERM
Topical term or geographic name as entry element Mysticism
Geographic subdivision Great Britain
General subdivision History
Chronological subdivision Middle Ages, 600-1500.
9 (RLIN) 25717
700 1# - ADDED ENTRY--PERSONAL NAME
Personal name Fanous, Samuel,
Dates associated with a name 1962-
9 (RLIN) 25723
700 1# - ADDED ENTRY--PERSONAL NAME
Personal name Gillespie, Vincent,
Dates associated with a name 1954-
9 (RLIN) 25724
906 ## - LOCAL DATA ELEMENT F, LDF (RLIN)
a 7
b cbc
c copycat
d 2
e ncip
f 20
g y-gencatlg
942 ## - ADDED ENTRY ELEMENTS (KOHA)
Source of classification or shelving scheme Library of Congress Classification
Koha item type Monograph ( Printed materials)
Holdings
Withdrawn status Lost status Source of classification or shelving scheme Damaged status Not for loan Collection code Home library Current library Shelving location Date acquired Total Checkouts Full call number Barcode Date last seen Price effective from Koha item type
    Library of Congress Classification     Main Collection ARRUPE LIBRARY ARRUPE LIBRARY Main Collection 13/09/2016   BV5077.G7 C36 2011 46500010163 24/01/2017 13/09/2016 Monograph ( Printed materials)

 

Arrupe Library. PO Box MP320 Mt Pleasant, Harare, Zimbabwe
263 242 745411|librarian@aju.ac.zw